Capitales avec la lettre G - Statistiques

Statistiques générales
  • Ce quiz a été pris 262 fois
  • Le résultat moyen est 25 sur 36
Statistiques - réponses
Hint Réponse % Correct
G Washington
90%
G Georgetown
86%
G Riga
82%
G Wellington
82%
G Bangkok
80%
G Alger
79%
G Guatemala
79%
G Bogota
78%
G Copenhague
76%
G Santiago
76%
G Bagdad
75%
GG Pyongyang
75%
G Zagreb
75%
G Gaborone
73%
G Kingston
73%
G KIngstown
73%
G Luxembourg
73%
G Podgorica
73%
GG Saint-Georges
72%
G Bangui
71%
G Belgrade
71%
G Prague
71%
GG Tegucigalpa
71%
G Achgabat
67%
G Saint-Domingue
67%
G Bridgetown
65%
GG Gitega
65%
G Kigali
63%
G Managua
62%
G Mogadiscio
62%
G Bandar Seri Begawan
61%
G Singapour
60%
G Lilongwe
55%
G Port-d'Espagne
53%
GG Ouagadougou
48%
G Ngerulmud
38%
Aucun quiz correspondant
Distribution des résultats
% des personnes avec chaque résultat
Percentile par nombre de réponses
Votre historique - résultats
Vous n’avez pas pris ce quiz